[Event "Høstturnering 2001"]
[Site "Ski, Akershus NOR"]
[Date "2001.12.06"]
[Round "9"]
[White "Furnes, Torstein"]
[Black "Skjærseth, Trond Marius"]
[Result "0-1"]
[WhiteElo "1524"]
[BlackElo "1445"]
[PlyCount "96"]
[EventDate "2001.09.20"]

1. d4 Nf6 2. c4 g6 3. Nc3 d5 4. cxd5 Nxd5 5. e4 Nxc3 6. bxc3 Bg7 7. Nf3 O-O 8.
Be2 c5 9. O-O Nc6 10. Be3 Qa5 11. Qb3 cxd4 12. cxd4 Bg4 13. Rad1 Qc7 14. h3 Bd7
15. Rc1 Qd8 16. Qxb7 Rb8 17. Qa6 Rb2 18. Bc4 Qb8 19. Bb3 Qd6 20. e5 Nxe5 21.
Qxa7 Nxf3+ 22. gxf3 Bxh3 23. Rfd1 Rxb3 24. axb3 Qd5 25. Qxe7 Qxf3 26. Qg5 Bh6
27. Qg3 Qxg3+ 28. fxg3 Bxe3+ 29. Kh2 Bxc1 30. Kxh3 Ba3 31. Kg4 Rd8 32. d5 Kf8
33. Kf4 Ke7 34. g4 Bb4 35. Rd3 Kd6 36. Ke4 Re8+ 37. Kd4 Bc5+ 38. Kc3 Re4 39.
Rh3 Bb4+ 40. Kd3 Rxg4 41. Rxh7 f5 42. Rg7 Kxd5 43. Rd7+ Ke6 44. Rb7 Re4 45. Rg7
Kf6 46. Rb7 g5 47. Rb6+ Ke5 48. Rb5+ Kf4 0-1

[Event "Klubbmesterskap 2001"]
[Site "Ski, Akershus NOR"]
[Date "2001.01.25"]
[Round "1"]
[White "Bakken, Svein-Erik"]
[Black "Furnes, Torstein"]
[Result "0-1"]
[WhiteElo "1368"]
[BlackElo "1485"]
[PlyCount "112"]
[EventDate "2001.01.25"]

1. d4 d5 2. c4 e6 3. Nc3 Nf6 4. Bg5 Be7 5. e3 O-O 6. Nf3 Nbd7 7. Bd3 dxc4 8.
Bxc4 c5 9. O-O a6 10. a4 b6 11. Qc2 Bb7 12. Be2 Qc7 13. Bf4 Bd6 14. Bxd6 Qxd6
15. dxc5 Nxc5 16. Rfd1 Qe7 17. Nd4 Rac8 18. Rac1 Rc7 19. Bf3 Bxf3 20. Nxf3 Rfc8
21. b4 Nce4 22. Nd5 exd5 23. Qb2 Rxc1 24. Rxc1 Rxc1+ 25. Qxc1 Qxb4 26. Qc8+ Qf8
27. Qxa6 Qb8 28. h3 h6 29. Nd4 Qc7 30. g4 Qc1+ 31. Kg2 Qe1 32. Qc8+ Kh7 33.
Qf5+ g6 34. Qf4 Qb4 35. Qc7 Kg8 36. Qd8+ Kg7 37. Qc7 Qd6 38. Qc2 Qc5 39. Qb2
Qa5 40. Nf3 Qxa4 41. h4 g5 42. hxg5 Nxg5 43. Nxg5 Qxg4+ 44. Kf1 hxg5 45. Qxb6
Qf3 46. Qd4 g4 47. Ke1 Kg6 48. Qb6 g3 49. fxg3 Qxg3+ 50. Ke2 Qg2+ 51. Kd3 Qe4+
52. Ke2 Kg5 53. Qd8 d4 54. Qxd4 Qxd4 55. exd4 Kf4 56. Kd3 Nd5 0-1

[Event "Klubbmesterskap 2001"]
[Site "Ski, Akershus NOR"]
[Date "2001.01.25"]
[Round "1"]
[White "Andersen, Odd"]
[Black "Lea, Per"]
[Result "0-1"]
[WhiteElo "1703"]
[BlackElo "1701"]
[PlyCount "60"]
[EventDate "2001.01.25"]

1. d4 Nf6 2. c4 g6 3. Nc3 Bg7 4. e4 d6 5. f3 O-O 6. Be3 Nbd7 7. Qd2 c5 8. Nge2
b6 9. h4 h5 10. O-O-O Bb7 11. Bh6 cxd4 12. Nxd4 Ne5 13. Be2 Qd7 14. Nd5 Rfc8
15. Nxf6+ Bxf6 16. b3 b5 17. f4 bxc4 18. fxe5 cxb3+ 19. Kb2 Bxe5 20. axb3 Bxe4
21. Rc1 Rcb8 22. Bf3 Qa4 23. Rc8+ Kh7 24. Rxb8 Rxb8 25. Bxe4 Bxd4+ 26. Kc1 Qa1+
27. Bb1 Rc8+ 28. Kd1 Qxb1+ 29. Ke2 Qxh1 30. Qxd4 Qxg2+ 0-1

[Event "Klubbmesterskap 2001"]
[Site "Ski, Akershus NOR"]
[Date "2001.02.01"]
[Round "2"]
[White "Pettersen, Erling"]
[Black "Furnes, Torstein"]
[Result "0-1"]
[WhiteElo "1325"]
[BlackElo "1485"]
[PlyCount "76"]
[EventDate "2001.01.25"]

1. e4 c5 2. Nc3 Nc6 3. Nf3 d6 4. Bb5 Bd7 5. Bxc6 Bxc6 6. d4 cxd4 7. Nxd4 e5 8.
Nxc6 bxc6 9. O-O Nf6 10. b3 Be7 11. Qf3 O-O 12. Ne2 d5 13. exd5 cxd5 14. Qg3
Re8 15. Bh6 Bf8 16. Bg5 Rc8 17. Qd3 e4 18. Qd2 h6 19. Bh4 Re6 20. Nf4 Rd6 21.
Bxf6 gxf6 22. Ne2 Qc7 23. Nd4 Rd7 24. Rac1 Qe5 25. c3 Kh7 26. f4 Qh5 27. Rfe1
Bc5 28. Re3 Rg8 29. b4 Bxd4 30. Qxd4 Qf5 31. Rf1 h5 32. a4 Rg4 33. g3 h4 34. a5
Qg6 35. Kg2 Qf5 36. b5 h3+ 37. Kh1 Qe6 38. Qd1 f5 {Hvit tapte på tid.} 0-1

[Event "Klubbmesterskap 2001"]
[Site "Ski, Akershus NOR"]
[Date "2001.02.01"]
[Round "2"]
[White "Lea, Per"]
[Black "Moberg, Reidar"]
[Result "1/2-1/2"]
[WhiteElo "1701"]
[BlackElo "1641"]
[PlyCount "58"]
[EventDate "2001.01.25"]

1. e4 c5 2. Nf3 e6 3. d4 cxd4 4. Nxd4 a6 5. Nc3 Nc6 6. Be2 Nf6 7. Bg5 Be7 8. f4
d6 9. Qd2 h6 10. Bh4 Qb6 11. O-O-O Nxd4 12. Qxd4 Qxd4 13. Rxd4 b5 14. Rhd1 Bb7
15. e5 dxe5 16. fxe5 Nd5 17. Ne4 Nf4 18. Bf3 Bxe4 19. Bxe4 Ne2+ 20. Kb1 Nxd4
21. Bxa8 Bxh4 22. Rxd4 Ke7 23. Bb7 Bf2 24. Rf4 Rd8 25. a4 Bg1 26. h3 Bh2 27.
Re4 bxa4 28. Bxa6 Rd5 29. Rxa4 Bxe5 1/2-1/2

[Event "Klubbmesterskap 2001"]
[Site "Ski, Akershus NOR"]
[Date "2001.02.08"]
[Round "3"]
[White "Weberg, Øivind"]
[Black "Lea, Per"]
[Result "1/2-1/2"]
[WhiteElo "1608"]
[BlackElo "1701"]
[PlyCount "34"]
[EventDate "2001.01.25"]

1. e4 e5 2. Nf3 Nc6 3. Bb5 a6 4. Ba4 Nf6 5. Qe2 b5 6. Bb3 Be7 7. c3 O-O 8. O-O
d5 9. exd5 Nxd5 10. d4 exd4 11. cxd4 Bb7 12. Nc3 Nf6 13. Be3 Na5 14. Bc2 Nc4
15. Bb3 Na5 16. Bc2 Nc4 17. Bb3 Na5 1/2-1/2

[Event "Klubbmesterskap 2001"]
[Site "Ski, Akershus NOR"]
[Date "2001.02.08"]
[Round "3"]
[White "Furnes, Torstein"]
[Black "Hovland, Arne"]
[Result "0-1"]
[WhiteElo "1485"]
[BlackElo "1489"]
[PlyCount "84"]
[EventDate "2001.01.25"]

1. d4 Nf6 2. c4 c5 3. e3 g6 4. Nf3 Bg7 5. Be2 O-O 6. O-O cxd4 7. exd4 d5 8. c5
Nc6 9. Bf4 Nh5 10. Be3 Bd7 11. Nc3 Qb8 12. Nxd5 e6 13. Nc3 Rd8 14. Qd2 Ne7 15.
g4 Nf6 16. Ne5 Nfd5 17. Nc4 Bc6 18. Nd6 e5 19. dxe5 Bxe5 20. Bc4 Bxd6 21. cxd6
Qxd6 22. Rad1 Nxe3 23. Qxe3 Qf6 24. Rxd8+ Rxd8 25. Re1 Rd4 26. Be2 Nd5 27. Nxd5
Bxd5 28. g5 Qf4 29. Qxf4 Rxf4 30. a3 Rf5 31. h4 Rf4 32. Rd1 Bc6 33. Rd6 Rxh4
34. f3 Rf4 35. Kf2 Rf5 36. Rf6 Rxg5 37. Bc4 Bd5 38. f4 Rh5 39. Bxd5 Rxd5 40.
Ke3 Rd7 41. Ke4 Kg7 42. Ke5 Re7+ 0-1

[Event "Klubbmesterskap 2001"]
[Site "Ski, Akershus NOR"]
[Date "2001.04.04"]
[Round "4"]
[White "Lea, Per"]
[Black "Bekkelien, Glenn Lewi"]
[Result "1/2-1/2"]
[WhiteElo "1701"]
[BlackElo "1642"]
[PlyCount "47"]
[EventDate "2001.01.25"]

1. e4 c6 2. d4 d5 3. Nc3 dxe4 4. Nxe4 Nd7 5. Nf3 Ngf6 6. Ng3 e6 7. Bc4 Nb6 8.
Bb3 c5 9. c3 Be7 10. O-O O-O 11. Bg5 cxd4 12. Nxd4 h6 13. Bxf6 Bxf6 14. Ne4
Bxd4 15. Qxd4 Qxd4 16. cxd4 Rd8 17. Rfd1 Bd7 18. Rd2 Bc6 19. f3 Rac8 20. Nc3
Rc7 21. Rad1 Rcd7 22. Kf2 Bd5 23. Nxd5 Nxd5 24. Bxd5 1/2-1/2

[Event "Klubbmesterskap 2001"]
[Site "Ski, Akershus NOR"]
[Date "2001.03.01"]
[Round "4"]
[White "Olsen, Trygve"]
[Black "Furnes, Torstein"]
[Result "0-1"]
[WhiteElo "1325"]
[BlackElo "1485"]
[PlyCount "110"]
[EventDate "2001.01.25"]

1. f4 d5 2. Nf3 Nf6 3. e3 e6 4. c4 c5 5. cxd5 exd5 6. Bb5+ Bd7 7. Qb3 c4 8.
Bxd7+ Qxd7 9. Qc2 Nc6 10. a3 Bd6 11. O-O O-O 12. b3 b5 13. Bb2 Ne4 14. Nc3 Nxc3
15. Bxc3 Qe7 16. Ng5 f5 17. a4 b4 18. Bb2 h6 19. Nf3 Qe4 20. Qd1 cxb3 21. Qxb3
Na5 22. Qd1 Rac8 23. Nd4 Nc4 24. Bc1 Qe7 25. Qb3 a5 26. Re1 Bxf4 27. Rf1 Be5
28. d3 Bxd4 29. exd4 Nb6 30. Bf4 Rc3 31. Qd1 Re8 32. Be5 Qg5 33. Rf3 Qh5 34.
Bxg7 Re7 35. Be5 Kh7 36. Qf1 Rf7 37. Qf2 Qg6 38. Bf4 Qc6 39. Rh3 Rf6 40. Qe3
Qe6 41. Be5 Rg6 42. Qd2 Nc4 43. Qf4 Rg4 44. Rxh6+ Qxh6 45. Qxf5+ Qg6 46. Qd7+
Kh6 47. Bg3 Rxd3 48. Rf1 Rdxd4 49. Qc8 Qg7 50. Qe6+ Kh5 51. Qe8+ Rg6 52. Qe2+
Kh6 53. Bf4+ Rxf4 54. Rxf4 Qa1+ 55. Rf1 Qd4+ 0-1

[Event "Klubbmesterskap 2001"]
[Site "Ski, Akershus NOR"]
[Date "2001.03.08"]
[Round "5"]
[White "Simonsen, Steinar"]
[Black "Lea, Per"]
[Result "0-1"]
[WhiteElo "1539"]
[BlackElo "1701"]
[PlyCount "70"]
[EventDate "2001.01.25"]

1. e4 e5 2. Nf3 Nc6 3. Bb5 a6 4. Ba4 Nf6 5. O-O Be7 6. Bxc6 dxc6 7. Qe1 Bd6 8.
d4 Qe7 9. Bg5 Bg4 10. Nbd2 O-O-O 11. h3 Bh5 12. Bh4 Rde8 13. c4 Bxf3 14. Nxf3
exd4 15. Nd2 Qe6 16. f3 h6 17. a3 g5 18. Bf2 Qe5 19. g3 h5 20. Kh2 h4 21. Rg1
hxg3+ 22. Bxg3 Qe6 23. Qf1 g4 24. Bxd6 Rxh3+ 25. Kg2 gxf3+ 26. Kf2 cxd6 27. Ke1
Nxe4 28. Kd1 Nxd2 29. Kxd2 Qe3+ 30. Kc2 Rh2+ 31. Kb1 f2 32. Rh1 Rxh1 33. Qxh1
Qe1+ 34. Ka2 Qxh1 35. Rxh1 Re1 0-1

[Event "Klubbmesterskap 2001"]
[Site "Ski, Akershus NOR"]
[Date "2001.03.22"]
[Round "5"]
[White "Furnes, Torstein"]
[Black "Lystad, Frank"]
[Result "1/2-1/2"]
[WhiteElo "1485"]
[BlackElo "1434"]
[PlyCount "77"]
[EventDate "2001.01.25"]

1. d4 d5 2. c4 e6 3. Nc3 Nf6 4. Bg5 Be7 5. e3 O-O 6. Nf3 Nbd7 7. Bd3 c5 8. cxd5
exd5 9. O-O cxd4 10. Nxd4 a6 11. Rc1 Ne5 12. Bb1 Be6 13. Qc2 Ng6 14. h4 Nh5 15.
Nxe6 fxe6 16. Bxe7 Qxe7 17. g4 Qxh4 18. Qe2 Nf6 19. f3 Qg3+ 20. Qg2 Qxg2+ 21.
Kxg2 Ne5 22. Rh1 g6 23. Rh3 Nc4 24. Nd1 Rac8 25. Rc3 Rc6 26. b3 Ne5 27. Rxc6
Nxc6 28. Nf2 Ne5 29. g5 Nfd7 30. f4 Nf7 31. Ng4 Rc8 32. Rh1 Rc3 33. Kf2 Nd6 34.
Re1 Nc5 35. Nf6+ Kg7 36. Rh1 Nce4+ 37. Nxe4 Nxe4+ 38. Bxe4 dxe4 39. Re1 1/2-1/2

[Event "Klubbmesterskap 2001"]
[Site "Ski, Akershus NOR"]
[Date "2001.03.15"]
[Round "6"]
[White "Næssvold, Kjell"]
[Black "Lea, Per"]
[Result "1-0"]
[WhiteElo "1856"]
[BlackElo "1701"]
[PlyCount "61"]
[EventDate "2001.01.25"]

1. e4 e5 2. Nf3 Nc6 3. d4 exd4 4. Nxd4 Bc5 5. Be3 Qf6 6. c3 Nge7 7. Bc4 O-O 8.
O-O Ne5 9. Be2 d6 10. f4 N5g6 11. Qd3 a6 12. Nd2 Bd7 13. g4 Qh4 14. Bf2 Bxd4
15. cxd4 Bb5 16. Bxh4 Bxd3 17. Bxe7 Bxe2 18. Bxf8 Bxf1 19. Bxg7 Be2 20. Bh6
Bxg4 21. f5 Ne7 22. Kf2 Kh8 23. Rg1 Ng8 24. Be3 h5 25. d5 Kh7 26. Rg3 Nf6 27.
Bd4 Nd7 28. h3 Bd1 29. Rg7+ Kh6 30. Rxf7 Rd8 31. Be3# 1-0

[Event "Klubbmesterskap 2001"]
[Site "Ski, Akershus NOR"]
[Date "2001.03.15"]
[Round "6"]
[White "Høva, Frode"]
[Black "Furnes, Torstein"]
[Result "0-1"]
[WhiteElo "1496"]
[BlackElo "1485"]
[PlyCount "56"]
[EventDate "2001.01.25"]

1. e4 c5 2. Nf3 Nc6 3. d4 cxd4 4. Nxd4 e5 5. Nb5 d6 6. N1c3 a6 7. Na3 b5 8. Nd5
Nf6 9. Bg5 Be7 10. Bxf6 Bxf6 11. Bd3 O-O 12. O-O Be6 13. c4 bxc4 14. Nxc4 Bxd5
15. exd5 Nd4 16. Rc1 g6 17. f4 Bg7 18. f5 Bh6 19. Rc3 Bf4 20. Qg4 Kh8 21. fxg6
hxg6 22. Bxg6 fxg6 23. Rh3+ Kg7 24. Kh1 Rc8 25. b3 Rc7 26. g3 Bh6 27. Rxf8 Qxf8
28. Kg2 Rf7 0-1

[Event "Klubbmesterskap kl. 1"]
[Site "Follo"]
[Date "2001.03.29"]
[Round "?"]
[White "Weberg, Øivind"]
[Black "Andersen, Odd"]
[Result "0-1"]
[WhiteElo "1608"]
[BlackElo "1703"]
[Annotator "Weberg, Ø"]
[PlyCount "127"]
[EventDate "2001.01.25"]

1. e4 e5 2. Nf3 Nc6 3. Bb5 d6 4. c3 Nf6 5. Qe2 Be7 6. O-O O-O 7. d3 a6 8. Ba4
b5 9. Bb3 Na5 10. Bc2 c5 11. h3 Qc7 12. Be3 Bb7 13. Nbd2 Rac8 14. Rac1 Rfe8 15.
Nh2 g6 16. Ng4 Qd7 17. f4 $5 Nh5 18. fxe5 $2 Ng3 19. Qf3 $1 Nxf1 20. Nh6+ Kg7
21. Qxf7+ Kh8 22. e6 Qd8 23. Qxf1 $2 (23. Rxf1 $1 Bg5 ({Det helt store hadde
vært} 23... Rf8 24. Qg8+ Rxg8 25. Nf7+ Kg7 26. Bh6#) 24. Bxg5 Qxg5 25. Qxe8+
Rxe8 26. Nf7+ {og hvit er offiser over}) 23... Qc7 24. Nf3 Bf6 25. Nf7+ Kg8 26.
N3g5 Bg7 27. Qf4 h6 $5 28. Qxd6 $2 hxg5 29. Bxg5 Bf8 30. Qd7 Bc6 31. Qxc7 Rxc7
32. Bd1 c4 33. dxc4 bxc4 34. Bg4 Bxe4 35. Rd1 Bc5+ 36. Kh2 Bd3 37. Re1 Bf5 38.
Nh6+ Kg7 39. Nxf5+ gxf5 40. Bxf5 Bd6+ 41. Kh1 Rc5 42. g4 Be7 43. Bf4 Rd5 44.
Kg2 Rb5 45. Re2 Nc6 46. Kg3 Rd8 47. h4 Bf6 48. h5 Be5 49. h6+ Kf6 50. h7 Bxf4+
51. Kxf4 Ne7 52. g5+ Kg7 53. Bb1 Rd6 54. Rh2 Rb8 55. Rh6 Rdd8 56. Rh2 Rh8 57.
Ke5 Ng6+ 58. Kd4 Nf4 59. Kxc4 Nxe6 60. Rg2 Nf4 61. Rd2 Rhc8+ 62. Kd4 Rd8+ 63.
Ke3 Rxd2 64. Kxd2 {Noteringsskjemaene uleselig på grunn av gjensidig tidsnød,
men hvit tapte på tid ca 10 trekk seinere} 0-1

[Event "Klubbmesterskap 2001"]
[Site "Ski, Akershus NOR"]
[Date "2001.03.29"]
[Round "7"]
[White "Furnes, Torstein"]
[Black "Lund, Alf Haakon"]
[Result "1-0"]
[WhiteElo "1485"]
[BlackElo "1468"]
[PlyCount "49"]
[EventDate "2001.01.25"]

1. d4 Nf6 2. c4 c5 3. d5 b5 4. cxb5 a6 5. e3 axb5 6. Bxb5 Qa5+ 7. Nc3 Ne4 8.
Qd3 Nd6 9. Nf3 Ba6 10. Bxa6 Nxa6 11. O-O Nb4 12. Qe2 f5 13. Rd1 g6 14. e4 fxe4
15. Nxe4 Kd8 16. Nxd6 exd6 17. Bg5+ Kc7 18. a3 Na6 19. Bf6 Rg8 20. Rac1 Bh6 21.
Rc4 Rgb8 22. Bc3 Qb5 23. Nd4 Qb6 24. Qe7 Kc8 25. Qxh7 1-0

[Event "Klubbmesterskap 2001"]
[Site "Ski, Akershus NOR"]
[Date "2001.04.05"]
[Round "8"]
[White "Nord, Knut"]
[Black "Furnes, Torstein"]
[Result "0-1"]
[WhiteElo "1265"]
[BlackElo "1485"]
[PlyCount "54"]
[EventDate "2001.01.25"]

1. d4 d5 2. c4 e6 3. Nc3 Nf6 4. e3 Be7 5. Nf3 O-O 6. Be2 dxc4 7. O-O b6 8. Bxc4
Bb7 9. a3 c5 10. Qc2 Bxf3 11. gxf3 cxd4 12. exd4 Qxd4 13. Be3 Qxc4 14. Kh1 Nd5
15. Qd2 Nxe3 16. Qxe3 Qh4 17. Ne4 Nd7 18. Rg1 Nf6 19. Qd4 Rfd8 20. Rxg7+ Kxg7
21. Rg1+ Kf8 22. Qe5 Rd5 23. Qc3 Rad8 24. Rg4 Qh6 25. f4 Rh5 26. Kg2 Rxh2+ 27.
Kf1 Qh3+ 0-1

[Event "Klubbmesterskap 2001"]
[Site "Ski, Akershus NOR"]
[Date "2001.04.19"]
[Round "9"]
[White "Lea, Per"]
[Black "Moberg, Jan Rune"]
[Result "1-0"]
[WhiteElo "1701"]
[BlackElo "1501"]
[PlyCount "27"]
[EventDate "2001.01.25"]

1. e4 e5 2. Nf3 d6 3. d4 Nd7 4. Bc4 c6 5. O-O b5 6. Bxf7+ Kxf7 7. dxe5 dxe5 8.
Nxe5+ Ke6 9. Qg4+ Kxe5 10. Bf4+ Kd4 11. Rd1+ Kc5 12. Be3+ Kb4 13. a4 bxa4 14.
e5+ 1-0

[Event "Klubbmesterskap 2001"]
[Site "Ski, Akershus NOR"]
[Date "2001.05.25"]
[Round "9"]
[White "Furnes, Torstein"]
[Black "Warendorph, Hakon"]
[Result "1/2-1/2"]
[WhiteElo "1485"]
[BlackElo "1443"]
[PlyCount "37"]
[EventDate "2001.01.25"]

1. d4 d5 2. c4 e6 3. Nc3 Nf6 4. Bg5 Be7 5. e3 O-O 6. Nf3 Nbd7 7. Bd3 dxc4 8.
Bxc4 c6 9. O-O h6 10. Bf4 Nb6 11. Bd3 Nbd5 12. Be5 Bd6 13. Rc1 Re8 14. Bb1 Nxc3
15. bxc3 Bxe5 16. Nxe5 Nd7 17. Nxd7 Bxd7 18. Qd3 g6 19. f4 1/2-1/2

[Event "Høstturnering 2000"]
[Site "Ski, Akershus NOR"]
[Date "2000.09.07"]
[Round "1"]
[White "Furnes, Torstein"]
[Black "Ådnøy, Hallvard Voll"]
[Result "0-1"]
[WhiteElo "1448"]
[BlackElo "2117"]
[PlyCount "108"]
[EventDate "2000.09.07"]

1. d4 Nf6 2. c4 g6 3. Nf3 Bg7 4. e3 O-O 5. Be2 d6 6. O-O Nbd7 7. Nc3 a5 8. Bd2
e5 9. Rc1 Re8 10. Qc2 e4 11. Ng5 Qe7 12. f3 exf3 13. Rxf3 h6 14. Nh3 Nf8 15.
Rcf1 c6 16. Bd3 Ne6 17. Nf4 Ng5 18. Rg3 Nge4 19. Nxe4 Nxe4 20. Bxe4 Qxe4 21.
Qxe4 Rxe4 22. Rgf3 b6 23. b3 a4 24. b4 Ba6 25. Rc1 Rc8 26. Nd3 Ree8 27. Nb2 c5
28. Nxa4 cxd4 29. Nxb6 Rc6 30. Nd5 Bxc4 31. Nf6+ Bxf6 32. Rxf6 dxe3 33. Be1 Kg7
34. Rf4 d5 35. a4 g5 36. Rd4 Kg6 37. b5 Bxb5 38. Ra1 Bc4 39. a5 Rf6 40. h3 Rf1+
41. Kh2 Re5 42. a6 Rxe1 43. Rxe1 Bxa6 44. Kg3 Bc4 45. Kf3 e2 46. g4 Re6 47. Kf2
Kf6 48. Kf3 Ke5 49. Rdd1 Rf6+ 50. Kg2 d4 51. Rc1 Bd5+ 52. Kg1 d3 53. Rc3 Kd4
54. Ra3 d2 0-1

[Event "Høstturnering 2000"]
[Site "Ski, Akershus NOR"]
[Date "2000.09.07"]
[Round "1"]
[White "Bakken, Svein-Erik"]
[Black "Lea, Per"]
[Result "1/2-1/2"]
[WhiteElo "1358"]
[BlackElo "1684"]
[PlyCount "83"]
[EventDate "2000.09.07"]

1. d4 d5 2. c4 e6 3. Nc3 Nf6 4. Bg5 Be7 5. e3 O-O 6. Bd3 dxc4 7. Bxc4 c6 8. Nf3
Nbd7 9. O-O Nd5 10. Bxe7 Qxe7 11. Rc1 Nxc3 12. Rxc3 e5 13. dxe5 Nxe5 14. Nxe5
Qxe5 15. Qc2 Bf5 16. Bd3 Bxd3 17. Rxd3 Rfd8 18. Rfd1 Qc7 19. h3 h6 20. Qd2 Rxd3
21. Qxd3 Re8 22. Qd7 Re7 23. Qd8+ Kh7 24. Qxc7 Rxc7 25. f4 Kg6 26. g4 Kf6 27.
Kf2 Ke7 28. e4 Rd7 29. Rxd7+ Kxd7 30. Ke3 Kd6 31. b4 b6 32. Kd4 f6 33. h4 g5
34. e5+ fxe5+ 35. fxe5+ Ke6 36. hxg5 hxg5 37. a4 c5+ 38. bxc5 bxc5+ 39. Kxc5
Kxe5 40. a5 Kf4 41. a6 Kxg4 42. Kc6 1/2-1/2

[Event "Høstturnering 2000"]
[Site "Ski, Akershus NOR"]
[Date "2000.09.14"]
[Round "2"]
[White "Lea, Per"]
[Black "Andersen, Odd"]
[Result "1-0"]
[WhiteElo "1684"]
[BlackElo "1715"]
[PlyCount "92"]
[EventDate "2000.09.07"]

1. e4 d5 2. exd5 Nf6 3. d4 Nxd5 4. c4 Nf6 5. Nf3 Bg4 6. Be2 c6 7. O-O e6 8. Bg5
Be7 9. Nc3 O-O 10. Ne5 Bxe2 11. Nxe2 h6 12. Be3 Nbd7 13. Qc2 Qc7 14. Bf4 Bd6
15. Nxd7 Qxd7 16. Rad1 Bxf4 17. Nxf4 Qc7 18. Ne2 Rad8 19. f4 c5 20. Kh1 cxd4
21. Rxd4 Rxd4 22. Nxd4 Qc5 23. Nf3 Ng4 24. Qe2 Rd8 25. b3 Qe3 26. Qxe3 Nxe3 27.
Re1 Rd3 28. Kg1 Nc2 29. Rc1 Nb4 30. Ne1 Rd2 31. a3 Nd3 32. Nxd3 Rxd3 33. Rb1
Rd4 34. g3 Kf8 35. Kg2 Rd2+ 36. Kh3 Ke7 37. b4 b6 38. c5 Ra2 39. Rb3 Kd7 40.
cxb6 axb6 41. Rc3 f5 42. b5 g5 43. fxg5 hxg5 44. Rc6 Ke7 45. Rxb6 g4+ 46. Kh4
Kf6 1-0

[Event "Høstturnering 2000"]
[Site "Ski, Akershus NOR"]
[Date "2000.10.12"]
[Round "2"]
[White "Thowsen, Alf Geir"]
[Black "Furnes, Torstein"]
[Result "0-1"]
[WhiteElo "1169"]
[BlackElo "1448"]
[PlyCount "60"]
[EventDate "2000.09.07"]

1. d4 d5 2. c4 e6 3. Nc3 Nf6 4. Nf3 Be7 5. e3 O-O 6. cxd5 exd5 7. Bd3 c6 8. O-O
Bg4 9. Be2 Bd6 10. Ne5 Bxe2 11. Qxe2 Re8 12. Ng4 Bc7 13. Nxf6+ Qxf6 14. Rd1 Qh4
15. g3 Qh3 16. Qf1 Qg4 17. f3 Qh5 18. e4 Nd7 19. exd5 cxd5 20. Nb5 Bb6 21. Bf4
Re6 22. Bc7 Rae8 23. Bxb6 Re2 24. h4 Nxb6 25. Nc3 Rxb2 26. Re1 f5 27. Re5 Rxe5
28. dxe5 f4 29. Qh3 Qxe5 30. Na4 Qe3+ 0-1

[Event "Høstturnering 2000"]
[Site "Ski, Akershus NOR"]
[Date "2000.10.11"]
[Round "3"]
[White "Furnes, Torstein"]
[Black "Lea, Per"]
[Result "0-1"]
[WhiteElo "1448"]
[BlackElo "1684"]
[PlyCount "44"]
[EventDate "2000.09.07"]

1. d4 d5 2. Nf3 Nf6 3. c4 e6 4. Nc3 c6 5. e3 Bb4 6. Bd2 O-O 7. Bd3 Re8 8. O-O
Nbd7 9. Qc2 e5 10. dxe5 Nxe5 11. Nxe5 Rxe5 12. cxd5 cxd5 13. Rac1 Rh5 14. Be2
Bg4 15. Qd1 Qd6 16. g3 Qe6 17. Nb5 Bxd2 18. Qxd2 Ne4 19. Qd1 Bxe2 20. Qxe2 Qh3
21. f3 Nxg3 22. Qf2 Rg5 0-1

[Event "Høstturnering 2000"]
[Site "Ski, Akershus NOR"]
[Date "2000.10.19"]
[Round "4"]
[White "Pettersen, Erling"]
[Black "Furnes, Torstein"]
[Result "0-1"]
[WhiteElo "1315"]
[BlackElo "1448"]
[PlyCount "62"]
[EventDate "2000.09.07"]

1. e4 c5 2. Nf3 Nc6 3. d4 cxd4 4. Nxd4 e5 5. Nxc6 bxc6 6. Bd3 Nf6 7. O-O Be7 8.
h3 O-O 9. Nc3 d5 10. Re1 d4 11. Ne2 Bb7 12. Ng3 c5 13. Nf5 Qd7 14. Nxe7+ Qxe7
15. b3 Rac8 16. Bg5 Rfe8 17. Qd2 h6 18. Bh4 g5 19. Bg3 Nh5 20. Bh2 Nf4 21. Bb5
Bc6 22. Ba6 Rc7 23. g3 Nxh3+ 24. Kg2 Bd7 25. Qe2 g4 26. Qd2 Qf6 27. Qe2 Ng5 28.
Bb5 Bxb5 29. Qxb5 Qf3+ 30. Kf1 Rce7 31. Qe2 Qh1+ 0-1

[Event "Høstturnering 2000"]
[Site "Ski, Akershus NOR"]
[Date "2000.10.19"]
[Round "4"]
[White "Lea, Per"]
[Black "Simonsen, Steinar"]
[Result "1-0"]
[WhiteElo "1684"]
[BlackElo "1560"]
[PlyCount "83"]
[EventDate "2000.09.07"]

1. e4 e6 2. d4 d5 3. Nc3 Bb4 4. e5 c5 5. a3 Bxc3+ 6. bxc3 cxd4 7. cxd4 Ne7 8.
Qg4 Nf5 9. Bd3 h5 10. Qf4 Qc7 11. Bd2 b6 12. g4 hxg4 13. Qxg4 Rh4 14. Qg5 g6
15. Bxf5 Rh5 16. Qf6 Rxf5 17. Qh8+ Kd7 18. Ne2 Nc6 19. f4 Ba6 20. Qxa8 Bxe2 21.
Kxe2 Nxd4+ 22. Kf2 Nxc2 23. Rac1 Qc5+ 24. Kg2 Qc4 25. Qxa7+ Ke8 26. Qb8+ Kd7
27. Qd6+ Ke8 28. Qxb6 Qe2+ 29. Qf2 Qg4+ 30. Kf1 Qh3+ 31. Kg1 Qd3 32. Rb1 Nd4
33. Rb8+ Kd7 34. Qe3 Ne2+ 35. Kf2 Rxf4+ 36. Ke1 Qa6 37. Qb6 Qxb6 38. Rxb6 Re4
39. Kd1 Nd4 40. Re1 Rh4 41. Rb4 g5 42. Bxg5 1-0

[Event "Høstturnering 2000"]
[Site "Ski, Akershus NOR"]
[Date "2000.10.26"]
[Round "5"]
[White "Skår, Bjarte"]
[Black "Lea, Per"]
[Result "1-0"]
[WhiteElo "1684"]
[BlackElo "1684"]
[PlyCount "139"]
[EventDate "2000.09.07"]

1. e4 e5 2. Nf3 Nc6 3. Bc4 Nf6 4. O-O Bc5 5. d3 d6 6. h3 Be6 7. Bb3 Qd7 8. Be3
Bxe3 9. fxe3 Bxh3 10. gxh3 Qxh3 11. Qe1 g5 12. Nh2 Ng4 13. Bxf7+ Ke7 14. Qe2
Qxh2+ 15. Qxh2 Nxh2 16. Kxh2 Raf8 17. Nc3 Rxf7 18. Nd5+ Ke6 19. Rxf7 Kxf7 20.
Rf1+ Ke8 21. Nxc7+ Kd7 22. Rf7+ Kc8 23. Ne6 g4 24. Ng7 Nd8 25. Re7 Nc6 26. Rf7
Nd8 27. Rf6 Kd7 28. Nf5 Ne6 29. Rf7+ Kc6 30. Kg3 h5 31. Kh4 a6 32. Ng3 Rf8 33.
Rxf8 Nxf8 34. Kxh5 Ne6 35. Kxg4 Nc5 36. b3 b5 37. Kf5 a5 38. d4 exd4 39. exd4
Nb7 40. c4 bxc4 41. bxc4 a4 42. Ne2 Na5 43. c5 dxc5 44. d5+ Kd6 45. Nc3 Nc4 46.
Nxa4 Ne3+ 47. Kf4 Nxd5+ 48. exd5 Kxd5 49. Ke3 Kc4 50. Kd2 Kb4 51. Nc3 c4 52.
Kc2 Ka3 53. Kc1 Kb4 54. Kb2 Ka5 55. Ka3 Ka6 56. Kb4 Kb6 57. Kxc4 Ka5 58. Kb3
Kb6 59. Kb4 Ka6 60. Nd5 Ka7 61. Kb5 Kb7 62. Nc3 Ka7 63. Ne4 Kb7 64. Nc5+ Ka7
65. Ka5 Ka8 66. Ka6 Kb8 67. Na4 Ka8 68. Nb6+ Kb8 69. a4 Kc7 70. Ka7 1-0

[Event "Høstturnering 2000"]
[Site "Ski, Akershus NOR"]
[Date "2000.10.26"]
[Round "5"]
[White "Høva, Frode"]
[Black "Furnes, Torstein"]
[Result "1/2-1/2"]
[WhiteElo "1418"]
[BlackElo "1448"]
[PlyCount "87"]
[EventDate "2000.09.07"]

1. d4 d5 2. c4 e6 3. Nc3 Nf6 4. cxd5 exd5 5. Bg5 Be7 6. Qc2 O-O 7. e3 Nbd7 8.
Bd3 b6 9. Nf3 Bb7 10. O-O c5 11. Rfe1 Re8 12. Rad1 Rc8 13. Bf5 g6 14. Bh3 cxd4
15. exd4 Ne4 16. Bxe7 Rxe7 17. Ne5 f5 18. Qb3 Nxc3 19. bxc3 Nxe5 20. Rxe5 Rxe5
21. dxe5 Qc7 22. Re1 Qxc3 23. Qxc3 Rxc3 24. g3 Kf8 25. Bg2 Ke7 26. Rd1 Ke6 27.
f4 Bc6 28. Rd2 b5 29. Bf1 a5 30. Kf2 b4 31. Bd3 a4 32. Ke2 b3 33. axb3 axb3 34.
Rb2 d4 35. Kd2 Be4 36. Be2 Rc2+ 37. Rxc2 bxc2 38. Bc4+ Ke7 39. h4 d3 40. Bb3 h6
41. Bc4 Kf8 42. Bb5 Kg7 43. Bc4 Kf8 44. Bb5 1/2-1/2

[Event "Høstturnering 2000"]
[Site "Ski, Akershus NOR"]
[Date "2000.11.02"]
[Round "6"]
[White "Furnes, Torstein"]
[Black "Andersen, Odd"]
[Result "1-0"]
[WhiteElo "1448"]
[BlackElo "1715"]
[PlyCount "71"]
[EventDate "2000.09.07"]

1. d4 e5 2. d5 Bc5 3. e3 f5 4. Nf3 d6 5. c4 Nf6 6. Nc3 a5 7. Be2 O-O 8. O-O e4
9. Nd4 Nbd7 10. Ne6 Qe7 11. Nxf8 Nxf8 12. Nb5 c6 13. dxc6 bxc6 14. Nd4 Qb7 15.
b3 Bd7 16. Bb2 a4 17. Qc2 a3 18. Bc3 d5 19. cxd5 cxd5 20. Nxf5 Rc8 21. Bxf6
Bxf5 22. Bxg7 Kxg7 23. Qc3+ Kg6 24. Qe5 Nd7 25. Bh5+ Kxh5 26. Qxf5+ Kh6 27.
Qf4+ Kg7 28. Qg5+ Kh8 29. Rfd1 d4 30. exd4 Rg8 31. Qf5 Bb4 32. d5 Re8 33. Rac1
Re5 34. Qf7 Re7 35. Qf5 Nc5 36. Qf8# 1-0